000 00460nam a2200157Ia 4500
003 GCL
008 140319s9999 xx 000 0 ara d
040 _aGCL /
_cGCL
082 0 4 _a819.9
_bع د
100 1 _aعباس محمود العقاد
245 1 0 _aديوان من دواوين /
_cعباس محمود العقاد
490 _aكتاب
_v0
650 0 4 _aالشعر العربى
650 0 4 _aالشعر - دواوين و قصائد
942 _2ddc
_cBK
999 _c43274
_d43274